000
00311nam a22001337a 4500
008
170829b xxu||||| |||| 00| 0 eng d
020
_a
9780335211661
041
_a
eng
080
_a
070
100
_a
39
101
_a
MED
245
_a
CRITICAL READINGS: MEDIA AND AUDIENCES
_c
NIGHTINGALE,V
942
_2
udc
_c
BK
999
_c
25309
_d
25309